000 00326nam a22001337a 4500
008 171023b xxu||||| |||| 00| 0 eng d
020 _a0471487695
041 _aeng
080 _a338
100 _a54
101 _aMEN
245 _aMODERN METHODS FOR QUALITY CONTROL AND IMPROVEMENT
_cHARRINSON.M.W
942 _2udc
_cBK
999 _c35407
_d35407